[Event "Botvinnik 100th Open"]
[Site "St Petersburg RUS"]
[Date "2011.08.15"]
[Round "4"]
[White "Kopasov, Evgeny"]
[Black "Monin, Nikolay"]
[Result "0-1"]
[BlackTitle "IM"]
[WhiteElo "2064"]
[BlackElo "2403"]
[WhiteFideId "4181239"]
[BlackFideId "4104013"]
[EventDate "2011.08.12"]

1. d4 Nf6 2. c4 d6 3. Nc3 Nbd7 4. e4 e5 5. Be3 g6 6. f3 Bg7 7. d5 O-O 8. Nh3 Nc5
9. Nf2 a5 10. Be2 Ne8 11. O-O f5 12. exf5 gxf5 13. f4 b6 14. Qd2 Nf6 15. Rad1
Bd7 16. fxe5 dxe5 17. Bxc5 bxc5 18. d6 Bc6 19. dxc7 Qxc7 20. Qd6 Qxd6 21. Rxd6
Rac8 22. Nd5 Nxd5 23. cxd5 Ba8 24. Bc4 e4 25. Re6 Bd4 26. d6 Kg7 27. Re7+ Kg6
28. Kh1 Rcd8 29. Ra7 Rxd6 30. Rxa5 f4 31. Rxa8 Rxa8 32. Nxe4 Rb6 33. Rxf4 Rxb2
34. g4 Rc2 35. Bd5 Rb8 36. Bb3 Rc1+ 37. Kg2 c4 38. Ba4 Ra8 39. Bd7 Rxa2+ 40. Kh3
Rcc2 41. g5 Rxh2+ 42. Kg4 Rag2+ 43. Kf3 c3 44. Bh3 Re2 45. Bf1 Re3+ 46. Kg4 c2 0-1

[Event "Botvinnik 100th Open"]
[Site "St Petersburg RUS"]
[Date "2011.08.15"]
[Round "4"]
[White "Nikolaev, Leonid"]
[Black "Atlas, Eduard"]
[Result "1/2-1/2"]
[WhiteTitle "FM"]
[WhiteElo "2342"]
[BlackElo "2069"]
[WhiteFideId "14103249"]
[BlackFideId "24111767"]
[EventDate "2011.08.12"]

1. d4 d5 2. Nf3 Nf6 3. c4 e6 4. g3 dxc4 5. Bg2 c5 6. Qa4+ Bd7 7. Qxc4 Bc6 8.
dxc5 Nbd7 9. Be3 Qa5+ 10. b4 Qc7 11. Nc3 a5 12. O-O axb4 13. Nb5 Bxb5 14. Qxb5
Ra5 15. Qxb4 Nd5 16. Qd2 Nxe3 17. Qxe3 Bxc5 18. Qb3 O-O 19. Nd2 b6 20. Nc4 Ra7
21. a4 Ne5 22. Na3 Qe7 23. Nb5 Ra5 24. Rfd1 Rd8 25. h3 Rxd1+ 26. Rxd1 h6 27. e3
Qf6 28. f4 Ng6 29. Kh2 e5 30. Rd7 Qe6 31. Rd8+ Nf8 32. Qd1 exf4 33. exf4 Qa2 34.
Nc3 Qc4 35. Qd3 Qxd3 36. Rxd3 Ne6 37. Rd7 Bd4 38. Nb5 Bc5 39. Bd5 Rxa4 40. f5
Nf8 41. Rxf7 Rb4 42. Rb7+ Kh8 43. Nc7 Rd4 44. Be6 Rd8 45. Kg2 Bd6 46. Nd5 Nxe6
47. fxe6 Re8 48. Rxb6 1/2-1/2

[Event "Botvinnik 100th Open"]
[Site "St Petersburg RUS"]
[Date "2011.08.15"]
[Round "4"]
[White "Nadjezhdin, Dmitry"]
[Black "Abuladze, Lana"]
[Result "1/2-1/2"]
[WhiteTitle "IM"]
[BlackTitle "WFM"]
[WhiteElo "2329"]
[BlackElo "2048"]
[WhiteFideId "4126173"]
[BlackFideId "24111210"]
[EventDate "2011.08.12"]

1. d4 Nf6 2. Nf3 g6 3. g3 Bg7 4. Bg2 O-O 5. O-O d6 6. a4 Nbd7 7. Nc3 e5 8. e4
exd4 9. Nxd4 Nc5 10. h3 a5 11. Ndb5 Bd7 12. Re1 Re8 13. Bf4 Bc6 14. e5 Nh5 15.
exd6 Nxf4 16. Rxe8+ Bxe8 17. gxf4 cxd6 18. Qxd6 Qxd6 19. Nxd6 Bc6 20. Re1 Bxg2
21. Kxg2 Bxc3 22. bxc3 Nxa4 23. Ra1 Nxc3 24. Ra3 a4 25. Nxb7 Nb5 26. Ra1 a3 27.
Nc5 a2 28. Nb3 Nc3 29. Kf3 Re8 30. Nd4 f5 31. Nb3 Re7 32. Nc1 Re1 33. Nb3 Re4
34. Nc1 Re1 35. Nb3 Re4 36. Nc1 1/2-1/2

[Event "Botvinnik 100th Open"]
[Site "St Petersburg RUS"]
[Date "2011.08.15"]
[Round "4"]
[White "Kuznetsov, Nikolay P."]
[Black "Tkachev, Ivan"]
[Result "1-0"]
[WhiteTitle "FM"]
[WhiteElo "2299"]
[BlackElo "2047"]
[WhiteFideId "4175379"]
[BlackFideId "4186885"]
[EventDate "2011.08.12"]

1. d4 Nf6 2. Nf3 g6 3. g3 Bg7 4. Bg2 d5 5. c4 e6 6. Nc3 O-O 7. O-O Nbd7 8. Qb3
c6 9. Rd1 Qb6 10. h3 Qxb3 11. axb3 b6 12. e4 a5 13. exd5 exd5 14. Ne5 Nxe5 15.
dxe5 Ne4 16. cxd5 Nxc3 17. bxc3 Bxe5 18. Bh6 Re8 19. dxc6 Bc7 20. Bf4 Bxf4 21.
gxf4 Be6 22. c4 Red8 23. Rxd8+ Rxd8 24. c5 bxc5 25. Rxa5 c4 26. bxc4 Bxc4 27. c7
Rf8 28. Bd5 Bd3 29. Bb7 1-0

[Event "Botvinnik 100th Open"]
[Site "St Petersburg RUS"]
[Date "2011.08.15"]
[Round "4"]
[White "Sanzhaev, Darsen"]
[Black "Pshenichny, Vladimir"]
[Result "1-0"]
[WhiteElo "2211"]
[BlackElo "2025"]
[WhiteFideId "24120030"]
[BlackFideId "4199138"]
[EventDate "2011.08.12"]

1. d4 Nf6 2. c4 c5 3. d5 b5 4. Qc2 g6 5. e4 d6 6. cxb5 a6 7. Nc3 Bg7 8. Nf3 O-O
9. bxa6 Qa5 10. Bd3 Bxa6 11. O-O Bxd3 12. Qxd3 Qa6 13. Qc2 Nbd7 14. Rb1 c4 15.
Be3 Ng4 16. Bd4 Nge5 17. Nxe5 Nxe5 18. Qd2 Rfc8 19. h3 Rab8 20. b4 Qa3 21. b5
Nd3 22. Bxg7 Kxg7 23. b6 Qa6 24. Qe3 Rc5 25. f4 f6 26. e5 Rcc8 27. exf6+ exf6
28. Qe7+ Kg8 29. Ne4 Rf8 30. Nxf6+ Rxf6 31. Qxf6 Qa3 32. Qd4 Qc5 33. Qxc5 dxc5
34. a4 c3 35. a5 c2 1-0

[Event "Botvinnik 100th Open"]
[Site "St Petersburg RUS"]
[Date "2011.08.15"]
[Round "4"]
[White "Kuzmin, Egor"]
[Black "Gopkin, Nikolaj"]
[Result "1-0"]
[WhiteElo "2033"]
[BlackElo "2221"]
[WhiteFideId "24101737"]
[BlackFideId "4134869"]
[EventDate "2011.08.12"]

1. d4 Nf6 2. c4 e6 3. Nf3 b6 4. a3 Bb7 5. Nc3 Be7 6. d5 O-O 7. e4 a5 8. Bd3 Na6
9. O-O Nc5 10. Bc2 d6 11. Rb1 e5 12. b4 axb4 13. axb4 Ncd7 14. Ne1 c6 15. Be3
Ra3 16. Rb3 Qa8 17. Qb1 Rc8 18. Rxa3 Qxa3 19. Na4 Nxe4 20. dxc6 Bxc6 21. b5 Bb7
22. Bc1 Nc3 23. Bxh7+ Kf8 24. Bxa3 Nxb1 25. Bxb1 Rxc4 26. Bc2 d5 27. Bxe7+ Kxe7
28. Bd1 e4 29. g3 d4 30. f3 f5 31. g4 g6 32. h4 Rb4 33. h5 gxh5 34. gxf5 Rxb5
35. fxe4 Rb4 36. Nd3 Rb5 37. Re1 Kf6 38. Nab2 h4 39. Nc4 Nc5 40. e5+ Kg5 41.
Nxc5 Rxc5 42. Nd6 Bc6 43. f6 Bd5 44. f7 Bxf7 45. Nxf7+ 1-0

[Event "Botvinnik 100th Open"]
[Site "St Petersburg RUS"]
[Date "2011.08.15"]
[Round "4"]
[White "Saduakassova, Dinara"]
[Black "Nedostup, Daniil"]
[Result "0-1"]
[WhiteTitle "WFM"]
[WhiteElo "2244"]
[BlackElo "2033"]
[WhiteFideId "13700090"]
[BlackFideId "24121576"]
[EventDate "2011.08.12"]

1. d4 e6 2. c4 Nf6 3. Nc3 c5 4. d5 exd5 5. cxd5 d6 6. Nf3 g6 7. Bf4 Bg7 8. h3
O-O 9. e3 Nh5 10. Bh2 f5 11. Be2 a6 12. a4 Qe7 13. O-O Nd7 14. Nd2 Nhf6 15. Nc4
Ne8 16. Ra3 Rb8 17. a5 Ne5 18. Rb3 Nxc4 19. Bxc4 Bd7 20. Rb6 Be5 21. Bxe5 Qxe5
22. Bxa6 Ra8 23. Bxb7 Rxa5 24. Bc6 Bc8 25. Qd2 Ra6 26. Rb8 Nf6 27. Qd3 Ra7 28.
Re1 g5 29. Nb5 Rg7 30. Qc3 Qe7 31. Ra1 Ne4 32. Qe1 g4 33. hxg4 Qh4 34. f3 Ng3
35. Nxd6 fxg4 36. Rxc8 Rxc8 37. f4 Rb8 38. Ra2 Ra7 39. Rxa7 Qh1+ 0-1

[Event "Botvinnik 100th Open"]
[Site "St Petersburg RUS"]
[Date "2011.08.15"]
[Round "4"]
[White "Bulavin, Alexander"]
[Black "Dushin, Nikolay"]
[Result "1/2-1/2"]
[WhiteElo "2196"]
[BlackElo "2010"]
[WhiteFideId "4178033"]
[BlackFideId "4114612"]
[EventDate "2011.08.12"]

1. Nf3 d5 2. d4 e6 3. Bg5 Be7 4. Bxe7 Qxe7 5. c3 Nf6 6. e3 Nbd7 7. Qa4 O-O 8.
Qa3 Re8 9. Qxe7 Rxe7 10. Na3 c5 11. Bb5 Ne4 12. Nd2 Nxd2 13. Kxd2 Nf6 14. Bd3 c4
15. Bc2 a6 16. b3 b5 17. bxc4 dxc4 18. e4 Rb8 19. Rhb1 Reb7 20. Rb2 Bd7 21. Rab1
Bc6 22. f3 h5 23. h4 g6 24. Bd1 Nd7 25. Nc2 Nb6 26. Nb4 Be8 27. Nxa6 Ra8 28. Nb4
Ra3 29. Bc2 Rba7 30. Bd1 Kf8 31. Rc1 Ke7 32. g4 hxg4 33. fxg4 f5 34. exf5 exf5
35. gxf5 gxf5 36. Ke3 Kf6 37. Kf4 Rh7 38. Rh2 Bh5 39. Bxh5 Rxh5 40. Rh3 Ra8 41.
Re1 Rah8 42. Re5 Rxh4+ 43. Rxh4 Rxh4+ 44. Kg3 Rg4+ 45. Kf3 Na4 46. Nd5+ Kg5 47.
Re8 b4 48. Nxb4 Nxc3 49. Rg8+ Kh4 50. Rh8+ 1/2-1/2

[Event "Botvinnik 100th Open"]
[Site "St Petersburg RUS"]
[Date "2011.08.15"]
[Round "4"]
[White "Abramichev, Artyom"]
[Black "Kiselev, Pavel"]
[Result "0-1"]
[WhiteElo "2029"]
[BlackElo "2191"]
[WhiteFideId "4135520"]
[BlackFideId "4191102"]
[EventDate "2011.08.12"]

1. d4 Nf6 2. Nf3 g6 3. Bg5 Bg7 4. Nbd2 d6 5. e3 O-O 6. Bd3 Nbd7 7. O-O c6 8. c4
Qc7 9. Rc1 Re8 10. Bb1 b6 11. b4 c5 12. bxc5 bxc5 13. Nb3 Bb7 14. Bh4 Rab8 15.
Nfd2 a5 16. dxc5 a4 17. Nd4 Nxc5 18. f3 Ba6 19. Bf2 Rb2 20. Rc2 Rb7 21. e4 Reb8
22. Be3 Qd7 23. Ne2 Qd8 24. Bd4 Nfd7 25. Bxg7 Kxg7 26. Rc1 Rb2 27. Nf4 Ne5 28.
Nd5 e6 29. Ne3 Kg8 30. f4 Ned3 31. Rc3 Qa5 32. Rc2 Qb6 33. Rxb2 Qxb2 34. Nf3 Qc3
35. Qc2 Nxf4 36. Qf2 Rb2 37. Nd2 Qxd2 38. Qxf4 Rb7 39. e5 dxe5 40. Qxe5 Nd7 41.
Qe4 Qc3 42. Qf4 Nc5 43. Rd1 Rd7 44. Rxd7 Nxd7 45. Bc2 a3 46. h3 Bxc4 47. Nxc4
Qxc2 48. Nxa3 Qc5+ 0-1

[Event "Botvinnik 100th Open"]
[Site "St Petersburg RUS"]
[Date "2011.08.15"]
[Round "4"]
[White "Martynenko, Alexey"]
[Black "Pen, Pyotr"]
[Result "1/2-1/2"]
[WhiteElo "2015"]
[BlackElo "2175"]
[WhiteFideId "24102059"]
[BlackFideId "24129950"]
[EventDate "2011.08.12"]

1. e4 e6 2. d4 d5 3. exd5 exd5 4. Bd3 c5 5. c3 Nf6 6. Nf3 c4 7. Bc2 Bg4 8. O-O
Be7 9. b3 O-O 10. Nbd2 Nbd7 11. bxc4 dxc4 12. Nxc4 Rc8 13. Bd3 Be6 14. Qe2 Re8
15. Bd2 Bf8 16. Ne3 Nd5 17. Nxd5 Bxd5 18. Qd1 Ba3 19. c4 Bxf3 20. Qxf3 Bb2 21.
Rab1 Bxd4 22. Rxb7 Ne5 23. Qf5 Nxd3 24. Rd7 Qh4 25. Qxd3 Rcd8 26. Rxd8 Rxd8 27.
Qg3 Qe4 28. Re1 Qc2 29. Qh4 Bf6 30. Qf4 h6 31. Ba5 Rc8 32. a3 Qa4 33. Bb4 a5 34.
Qf5 Rxc4 35. Qxa5 Qc2 36. g3 Kh7 37. Qd5 Rc7 38. Kg2 g6 39. Re3 h5 40. Rf3 Qc6
41. Qd6 Kg7 42. Qf4 Ra7 43. Bf8+ Kxf8 44. Qb8+ Kg7 45. Qxa7 g5 46. h3 g4 47.
hxg4 hxg4 48. Qe3 gxf3+ 49. Qxf3 Qa4 50. Qe3 Qc6+ 51. Qf3 Qd7 52. Qe4 Bd4 53.
Qf4 f6 54. Qe4 Kf8 55. Qa8+ Ke7 56. a4 Kd6 57. Qf8+ Ke6 58. Qb4 Qd5+ 59. f3 f5 1/2-1/2

[Event "Botvinnik 100th Open"]
[Site "St Petersburg RUS"]
[Date "2011.08.15"]
[Round "4"]
[White "Latonin, Mikhail"]
[Black "Pimenov, Revolt"]
[Result "0-1"]
[WhiteElo "1968"]
[BlackElo "2173"]
[WhiteFideId "24138550"]
[BlackFideId "4146590"]
[EventDate "2011.08.12"]

1. e4 e6 2. d3 c5 3. Nf3 Nc6 4. g3 g6 5. Bg2 Bg7 6. O-O Nge7 7. Re1 O-O 8. c3 d6
9. h4 Ne5 10. Nxe5 dxe5 11. Qe2 b6 12. a4 Ba6 13. Rd1 Qd7 14. b4 cxb4 15. cxb4
Nc6 16. b5 Nd4 17. Qa2 Bb7 18. Na3 a6 19. Nc4 Qc7 20. bxa6 Rxa6 21. Qb2 Bc6 22.
Be3 Bxa4 23. f4 Bxd1 24. Rxd1 b5 25. Nxe5 Qc2 26. Qxc2 Nxc2 27. Bc5 Bxe5 28.
fxe5 Rc8 29. d4 b4 30. Rb1 Rb8 31. Bf1 Ra1 32. Rb3 Ra3 33. Rd3 Rxd3 34. Bxd3
Nxd4 35. Bd6 Rb7 0-1

[Event "Botvinnik 100th Open"]
[Site "St Petersburg RUS"]
[Date "2011.08.15"]
[Round "4"]
[White "Butuc, Maria"]
[Black "Tugarin, Anton"]
[Result "1-0"]
[WhiteTitle "WIM"]
[WhiteElo "2172"]
[BlackElo "1976"]
[WhiteFideId "13902911"]
[BlackFideId "24151246"]
[EventDate "2011.08.12"]

1. Nf3 f5 2. c4 Nf6 3. d4 e6 4. e3 d5 5. Bd3 c6 6. O-O Bd6 7. b3 Qe7 8. Bb2 O-O
9. Qc1 Ne4 10. Ba3 Bxa3 11. Qxa3 Qd8 12. Ne5 Nd7 13. f3 Nxe5 14. dxe5 Ng5 15.
Qb2 b6 16. cxd5 exd5 17. Nd2 Bb7 18. b4 Qe7 19. Rab1 Rac8 20. f4 Ne6 21. Nf3 g6
22. Rfc1 Rc7 23. Nd4 a6 24. Nxe6 Qxe6 25. Qd4 b5 26. a4 Rfc8 27. Rc5 Qd7 28.
Rbc1 bxa4 29. Ra1 Rb8 30. Rxa4 Bc8 31. Bxa6 Bxa6 32. Rxa6 Qc8 33. Raxc6 Rxc6 34.
Qxd5+ Qe6 35. Qxc6 Qxc6 36. Rxc6 Rxb4 37. Kf2 Kf7 38. Rc7+ Kg8 39. h3 h5 40. g4
hxg4 41. hxg4 Rb6 42. Kf3 Ra6 43. Rd7 Ra1 44. gxf5 gxf5 45. Rd6 Rh1 46. Rg6+ Kh7
47. Rg5 Rh3+ 48. Ke2 Rh2+ 49. Kd3 Rh3 50. Rxf5 1-0

[Event "Botvinnik 100th Open"]
[Site "St Petersburg RUS"]
[Date "2011.08.15"]
[Round "4"]
[White "Balaian, Alina"]
[Black "Novoselov, Igor"]
[Result "1/2-1/2"]
[WhiteElo "2163"]
[BlackElo "1964"]
[WhiteFideId "24115347"]
[BlackFideId "24193950"]
[EventDate "2011.08.12"]

1. e4 Nc6 2. Nf3 g6 3. d4 Bg7 4. Be2 d6 5. Nc3 e5 6. Be3 Nf6 7. h3 Bd7 8. Qd2
exd4 9. Nxd4 Nxd4 10. Bxd4 O-O 11. O-O Bc6 12. Rfe1 Re8 13. Bf1 Qd7 14. Rad1
Rad8 15. Bc4 b5 16. Bxb5 Bxb5 17. Qg5 Nxe4 18. Nxe4 Qf5 19. Qxf5 gxf5 20. Nf6+
Bxf6 21. Bxf6 Rxe1+ 22. Rxe1 Re8 23. Rd1 Re6 24. Bc3 Bc6 25. Rd3 Be4 26. Rd2 Rg6
27. f4 Kf8 28. Kh2 d5 29. Bb4+ Ke8 30. Bc5 a6 31. c3 Kd7 32. g3 Kc6 33. Be3 Kb5
34. Rd1 c5 35. c4+ Kxc4 36. Rc1+ Kd3 37. Rc3+ Ke2 38. Bxc5 Bd3 39. b4 Kd2 40.
Rb3 Re6 41. g4 fxg4 42. hxg4 Bc4 43. Rh3 Re2+ 44. Kg3 Kc3 45. Kh4+ Bd3 46. Kg5
Kc4 47. Kf6 Rxa2 48. Kxf7 a5 49. f5 axb4 50. Bxb4 Rg2 51. Be1 Rxg4 52. Rxh7 Bxf5
53. Rh4 Rxh4 54. Bxh4 1/2-1/2

[Event "Botvinnik 100th Open"]
[Site "St Petersburg RUS"]
[Date "2011.08.15"]
[Round "4"]
[White "Filippov, Anton RUS"]
[Black "Burkov, German A."]
[Result "0-1"]
[WhiteElo "1944"]
[BlackElo "2162"]
[WhiteFideId "24104639"]
[BlackFideId "24132560"]
[EventDate "2011.08.12"]

1. d4 Nf6 2. c4 c5 3. d5 g6 4. Nc3 Bg7 5. Nf3 d6 6. Bg5 h6 7. Bh4 O-O 8. e3 Bg4
9. Be2 Bxf3 10. Bxf3 Nbd7 11. Bg3 a6 12. O-O b5 13. cxb5 axb5 14. Nxb5 Qa5 15.
a4 Rfb8 16. b3 Ne8 17. Rb1 Rb7 18. Be2 Nb6 19. Na3 Nc7 20. Nc4 Nxc4 21. Bxc4
Rab8 22. e4 Na6 23. e5 dxe5 24. Qe2 Nb4 25. Bxe5 Bxe5 26. Qxe5 Nc2 27. d6 e6 28.
Bxe6 fxe6 29. Qxe6+ Kh7 30. d7 Qd8 31. Qf7+ Kh8 32. Qxg6 Nd4 33. Qxh6+ Kg8 34.
Qg6+ Kf8 35. Rbe1 Rxd7 36. Qh6+ Kg8 37. Re3 Rg7 38. Qf4 Rxb3 39. Rfe1 Rxe3 40.
Qxe3 Qd5 41. Qe8+ Kh7 42. Qe4+ Qxe4 43. Rxe4 Ra7 44. f4 Rxa4 45. h4 Ra2 46. Kf1
Rd2 47. Re7+ Kg8 48. g4 c4 49. Rc7 Nc2 50. f5 Ne3+ 51. Ke1 Rd4 52. g5 Nxf5 53.
h5 Rg4 54. g6 Rh4 55. Kd2 Nd6 56. Rc6 Nb5 57. Rc5 c3+ 58. Kc2 Rh2+ 59. Kd3 Rh3+
60. Ke4 Nd6+ 61. Kd4 Rh4+ 62. Kd3 Rh3+ 63. Kd4 Kg7 64. Rc7+ Kf6 65. Rc6 Ke7 66.
g7 Nf5+ 67. Ke4 Nxg7 68. Kd4 Ne6+ 69. Ke4 Kd7 0-1

[Event "Botvinnik 100th Open"]
[Site "St Petersburg RUS"]
[Date "2011.08.15"]
[Round "4"]
[White "Kaganov, Dmitry"]
[Black "Kharchenko, Daniil"]
[Result "1-0"]
[WhiteElo "2160"]
[BlackElo "1938"]
[WhiteFideId "4112482"]
[BlackFideId "24101664"]
[EventDate "2011.08.12"]

1. d4 d5 2. c4 c6 3. Nf3 Nf6 4. Bf4 e6 5. e3 Bd6 6. Nc3 Bxf4 7. exf4 O-O 8. c5
b6 9. b4 a5 10. a3 Ba6 11. Ne5 Bxf1 12. Kxf1 Nfd7 13. g3 f6 14. Nd3 e5 15. Kg2
bxc5 16. dxc5 e4 17. Ne1 Na6 18. Nc2 f5 19. Nd4 Qf6 20. b5 Naxc5 21. bxc6 Nd3
22. Ncb5 N7c5 23. Qd2 Rfc8 24. Qa2 Rd8 25. c7 Rd7 26. Nb3 Qb6 27. Rab1 Na6 28.
Nc1 Nxc7 29. Nxd3 exd3 30. Qd2 Nxb5 31. Qxd3 Qd4 32. Qxb5 Rc7 33. Rhd1 Qe4+ 34.
Kg1 Re8 35. Re1 1-0

[Event "Botvinnik 100th Open"]
[Site "St Petersburg RUS"]
[Date "2011.08.15"]
[Round "4"]
[White "Bezulenko, Evgeny"]
[Black "Kostyuchenko, Vladimir"]
[Result "1/2-1/2"]
[WhiteElo "1928"]
[BlackElo "2144"]
[WhiteFideId "24105996"]
[BlackFideId "4126084"]
[EventDate "2011.08.12"]

1. f4 d5 2. Nf3 g6 3. d4 Bg7 4. e3 Bg4 5. Bd3 Nf6 6. h3 Bf5 7. Nbd2 Bxd3 8. cxd3
Nh5 9. g4 Nf6 10. e4 dxe4 11. dxe4 O-O 12. O-O Nc6 13. d5 Nb8 14. Qb3 b6 15. Ne5
c6 16. g5 Nfd7 17. Ndf3 Nc5 18. Qc4 Qc8 19. Kg2 Qb7 20. Be3 cxd5 21. exd5 Nbd7
22. Rac1 e6 23. dxe6 Nxe5 24. fxe5 Nxe6 25. Qc6 Qa6 26. Qc4 Qb7 27. Qc6 Qa6 28.
Qc4 b5 29. Qb3 Qb7 30. Kg1 Rac8 31. Rxc8 Rxc8 32. Nd4 Nxd4 33. Bxd4 Rc4 34. Qe3
a6 35. b3 Rc2 36. Rf2 Rxf2 37. Kxf2 Qd5 38. Kg3 Kf8 1/2-1/2

[Event "Botvinnik 100th Open"]
[Site "St Petersburg RUS"]
[Date "2011.08.15"]
[Round "4"]
[White "Fedoseeva, Valentina"]
[Black "Palchun, Grigory"]
[Result "0-1"]
[WhiteElo "1885"]
[BlackElo "2144"]
[WhiteFideId "4169875"]
[BlackFideId "24147338"]
[EventDate "2011.08.12"]

1. e4 c5 2. Nf3 Nc6 3. Bb5 d6 4. Bxc6+ bxc6 5. O-O Bg4 6. h3 Bh5 7. Re1 e6 8. d3
Be7 9. Nbd2 d5 10. Nf1 Nf6 11. Ng3 Bxf3 12. Qxf3 O-O 13. c3 Nd7 14. b3 Bf6 15.
Bb2 Qb6 16. Nh5 Be5 17. Qg4 g6 18. Nf4 Bg7 19. Rac1 Qa5 20. a3 Qb6 21. b4 cxb4
22. axb4 dxe4 23. dxe4 Ne5 24. Qe2 c5 25. Ba3 c4 26. h4 Rfd8 27. Rcd1 Qa6 28.
Bc1 Nd3 29. Nxd3 cxd3 30. Qd2 Rac8 31. Bb2 Qc4 32. e5 Qxh4 33. g3 Qh5 34. Re3
Bh6 35. f4 g5 36. Rf1 gxf4 37. gxf4 Kh8 38. Rg3 Rg8 39. Rxg8+ Rxg8+ 40. Kf2 Qh4+
41. Ke3 Qh3+ 42. Rf3 Bxf4+ 0-1

[Event "Botvinnik 100th Open"]
[Site "St Petersburg RUS"]
[Date "2011.08.15"]
[Round "4"]
[White "Menkov, Aleksandr"]
[Black "Kazantsev, Alexandr"]
[Result "1/2-1/2"]
[WhiteElo "2143"]
[BlackElo "1958"]
[WhiteFideId "24160326"]
[BlackFideId "24181668"]
[EventDate "2011.08.12"]

1. e4 c5 2. Nf3 d6 3. d4 cxd4 4. Nxd4 Nf6 5. Nc3 a6 6. Bg5 Nbd7 7. Be2 b5 8. f4
Bb7 9. Bf3 e5 10. Nf5 h6 11. Nxd6+ Bxd6 12. Qxd6 hxg5 13. fxe5 g4 14. exf6 gxf3
15. fxg7 Rg8 16. O-O-O Qe7 17. Qg3 fxg2 18. Rhg1 O-O-O 19. Rxg2 Bxe4 20. Nxe4
Qxe4 21. Rd3 Nc5 22. Rxd8+ Kxd8 23. Qd6+ Ke8 24. Rd2 f5 25. Qxc5 Rxg7 26. Qc8+
Kf7 27. Rd7+ Kg6 28. Qxa6+ Kh7 29. Rxg7+ Kxg7 30. Qa7+ Kh6 31. Qf2 f4 32. Kd2
Qd5+ 33. Ke2 Qe4+ 34. Kd1 Qd5+ 35. Ke1 Qh1+ 36. Qf1 Qxh2 37. Qxb5 Qg3+ 38. Kd1
Qg1+ 39. Ke2 Qe3+ 40. Kf1 Qf3+ 41. Ke1 Qg3+ 42. Kd1 Qg1+ 1/2-1/2

[Event "Botvinnik 100th Open"]
[Site "St Petersburg RUS"]
[Date "2011.08.15"]
[Round "4"]
[White "Chuprova, Irina"]
[Black "Vager, Boris"]
[Result "1-0"]
[BlackTitle "FM"]
[WhiteElo "1866"]
[BlackElo "2127"]
[WhiteFideId "24138584"]
[BlackFideId "4118537"]
[EventDate "2011.08.12"]

1. e4 c5 2. Nf3 e6 3. d4 cxd4 4. Nxd4 Nf6 5. Nc3 Nc6 6. Ndb5 Bb4 7. Bf4 O-O 8.
Bc7 Qe7 9. Bd6 Bxd6 10. Qxd6 Ne8 11. Qxe7 Nxe7 12. O-O-O f5 13. f3 fxe4 14. fxe4
Rf2 15. a4 Nc6 16. Rg1 Kf8 17. Rd2 Rxd2 18. Kxd2 Ke7 19. Be2 d6 20. Ke3 Bd7 21.
Rd1 Rc8 22. Na3 Ne5 23. Bb5 Bc6 24. Be2 a6 25. Rd4 Nf6 26. Nc4 Nxc4+ 27. Rxc4
Rd8 28. b4 d5 29. exd5 Nxd5+ 30. Nxd5+ Rxd5 31. Bf3 Rd6 32. Bxc6 bxc6 33. Rc5
Kf6 34. Ra5 Rd5 35. Rxd5 exd5 36. Kd4 Ke6 37. Kc5 Kd7 38. Kb6 Kd6 39. Kxa6 Kc7
40. b5 d4 41. b6+ Kb8 42. b7 c5 43. Kb6 c4 44. a5 1-0

[Event "Botvinnik 100th Open"]
[Site "St Petersburg RUS"]
[Date "2011.08.15"]
[Round "4"]
[White "Petrova, Irina"]
[Black "Shirokov, Alexander"]
[Result "0-1"]
[WhiteTitle "WFM"]
[WhiteElo "2125"]
[BlackElo "1888"]
[WhiteFideId "14124122"]
[BlackFideId "24178071"]
[EventDate "2011.08.12"]

1. d4 Nf6 2. c4 e6 3. Nf3 Bb4+ 4. Bd2 a5 5. g3 b6 6. Bg2 Bb7 7. O-O d6 8. Bg5 a4
9. a3 Ba5 10. Qxa4+ Bc6 11. Qd1 Nbd7 12. b3 b5 13. d5 exd5 14. cxb5 Bb7 15. Nbd2
Ne5 16. b4 Bb6 17. a4 h6 18. Bxf6 Qxf6 19. a5 Ba7 20. Nxe5 Qxe5 21. Nf3 Qh5 22.
b6 cxb6 23. Qa4+ Ke7 24. a6 b5 25. Qxb5 Bc8 26. Rac1 Rd8 27. Rc7+ Kf8 28. Qa5
Re8 29. b5 Bc5 30. a7 Qf5 31. b6 Re7 32. Rxe7 Kxe7 33. e3 Bb7 34. Nd4 Qd7 35.
Rc1 Rc8 36. Nb5 Bxb6 37. Qxb6 Rxc1+ 38. Bf1 Qc6 39. Qxc6 Bxc6 40. Nd4 Bb7 41.
Nf5+ Ke6 42. Nxg7+ Ke5 43. g4 Ra1 44. Nf5 Rxa7 45. Nxh6 Ra1 46. Nf5 Ba6 47. Ng3
d4 48. exd4+ Kxd4 49. h4 Ke5 50. Kg2 Bxf1+ 51. Nxf1 d5 52. Nd2 Kf4 53. Nf1 d4
54. g5 d3 55. Ne3 d2 56. Nd5+ Ke5 0-1

[Event "Botvinnik 100th Open"]
[Site "St Petersburg RUS"]
[Date "2011.08.15"]
[Round "4"]
[White "Aseev, Vladimir"]
[Black "Zakharov, Yuri"]
[Result "1-0"]
[WhiteElo "2116"]
[BlackElo "1878"]
[WhiteFideId "24121371"]
[BlackFideId "4166620"]
[EventDate "2011.08.12"]

1. d4 Nf6 2. c4 g6 3. Nc3 Bg7 4. e4 O-O 5. Be2 d6 6. Bg5 h6 7. Bf4 c6 8. Nf3 g5
9. Bc1 Re8 10. O-O Bg4 11. Ne1 Bxe2 12. Qxe2 e5 13. d5 cxd5 14. cxd5 Na6 15. Nd3
Qd7 16. f3 Rec8 17. Be3 Nh5 18. g3 Nf6 19. Kg2 Nc7 20. a4 Nh7 21. Rac1 Nf8 22.
Rc2 Ng6 23. h3 f5 24. Bg1 Ne7 25. Rfc1 Kh8 26. Nf2 Na6 27. Nd3 Nc7 28. b4 Ne8
29. b5 Nf6 30. a5 g4 31. hxg4 fxg4 32. fxg4 Nxg4 33. b6 axb6 34. Bxb6 Bf6 35.
Nd1 Bg5 36. Rc7 Rxc7 37. Rxc7 Qb5 38. Qxg4 Qxd3 39. Nf2 Qb1 40. Qe6 Re8 41. Qxd6
Qb2 42. Qe6 Qb5 43. Qxe5+ Kh7 44. Qf5+ Kg8 45. Qe6+ Kh8 46. Bd4+ 1-0

[Event "Botvinnik 100th Open"]
[Site "St Petersburg RUS"]
[Date "2011.08.15"]
[Round "4"]
[White "Khatenever, Feliks"]
[Black "Ljubarov, Mark"]
[Result "0-1"]
[WhiteElo "1849"]
[BlackElo "2115"]
[WhiteFideId "4131800"]
[BlackFideId "4142110"]
[EventDate "2011.08.12"]

1. d4 Nf6 2. Nf3 e6 3. e3 b6 4. Bd3 Bb7 5. Nbd2 Be7 6. b3 O-O 7. Bb2 c5 8. O-O
d6 9. Qe2 Nc6 10. a3 a6 11. Rfe1 Qc7 12. c4 Rfe8 13. Bc2 Bf8 14. Rad1 e5 15. d5
Ne7 16. Ng5 Bc8 17. Nde4 Ng6 18. Nxf6+ gxf6 19. Ne4 Bg7 20. Ng3 Bd7 21. Bf5 Bxf5
22. Nxf5 Ne7 23. Qg4 Nxf5 24. Qxf5 Qc8 25. Qxc8 Rexc8 26. e4 b5 27. Rd3 Rcb8 28.
Bc1 a5 29. Rg3 Kh8 30. f4 bxc4 31. bxc4 Rb1 32. Kf1 Rab8 33. fxe5 fxe5 34. Rf3
Kg8 35. Bd2 a4 36. Rxb1 Rxb1+ 37. Ke2 Ra1 38. Ba5 Ra2+ 39. Kf1 Kf8 40. Rh3 Bf6
41. Bc7 Ke7 42. Ba5 Bg5 43. Rxh7 Rxa3 44. h4 Ra1+ 45. Ke2 Rh1 46. Rh8 Kd7 47.
Ra8 Rxh4 48. Ra7+ Kc8 49. Kd3 f5 50. exf5 Rd4+ 51. Ke2 Rxc4 52. Rc7+ Kb8 53. Rh7
a3 54. Rh1 a2 55. Bd2 Rc2 56. Kd3 Rxd2+ 57. Kc3 Rxg2 58. Kb3 c4+ 59. Kxc4 e4 0-1